[Event "Ingrid Larsen Memorial (Women)"]
[Site "Farum"]
[Date "1991.??.??"]
[Round "?"]
[White "Safranska, Anda"]
[Black "Richtrova, Eliska"]
[Result "1/2-1/2"]
[WhiteElo "2235"]
[BlackElo "2305"]
[PlyCount "38"]
[EventDate "1991.??.??"]
[EventType "swiss"]
[EventRounds "9"]
[EventCountry "DEN"]
[SourceTitle "EXT 2000"]
[Source "ChessBase"]
[SourceDate "1999.11.16"]

1. e4 e5 2. Nf3 d6 3. d4 Nd7 4. Nc3 c6 5. Bc4 Be7 6. O-O Ngf6 7. a4 O-O 8. Ba2
h6 9. h3 Re8 10. Re1 Qc7 11. Be3 Nf8 12. Qe2 Be6 13. d5 Bd7 14. a5 c5 15. Bc4
Ng6 16. g4 Nh7 17. Bb5 Bh4 18. Bxd7 Qxd7 19. Kh2 f6 1/2-1/2

[Event "Ingrid Larsen Memorial (Women)"]
[Site "Farum"]
[Date "1991.??.??"]
[Round "?"]
[White "Safranska, Anda"]
[Black "Kisova, Petra"]
[Result "1-0"]
[WhiteElo "2235"]
[BlackElo "2145"]
[PlyCount "79"]
[EventDate "1991.??.??"]
[EventType "swiss"]
[EventRounds "9"]
[EventCountry "DEN"]
[SourceTitle "EXT 2000"]
[Source "ChessBase"]
[SourceDate "1999.11.16"]

1. e4 e5 2. Nf3 f5 3. d3 Nc6 4. Nc3 Nf6 5. Bg5 Be7 6. exf5 d6 7. Nh4 Nd4 8. g4
g6 9. Bh3 Bd7 10. Rg1 c6 11. Rg3 Nd5 12. Bxe7 Qxe7 13. Nxd5 cxd5 14. c3 Qxh4
15. cxd4 O-O-O 16. fxg6 hxg6 17. Qb3 Qg5 18. Qxd5 Rde8 19. Kf1 Rhf8 20. Kg1 Qf4
21. Rf1 exd4 22. Bg2 Bc6 23. Qc4 Re1 24. Rf3 Rxf1+ 25. Kxf1 Qh6 26. Rxf8+ Qxf8
27. Bxc6 bxc6 28. Qxc6+ Kb8 29. Qb5+ Kc7 30. Qc4+ Kb8 31. Qxd4 Qe7 32. Kg2 Qe6
33. a4 d5 34. h3 Kb7 35. b4 Qd7 36. b5 Ka8 37. f4 Kb7 38. Kg3 Kb8 39. a5 Kb7
40. Qf6 1-0

[Event "Ingrid Larsen Memorial (Women)"]
[Site "Farum"]
[Date "1991.??.??"]
[Round "?"]
[White "Safranska, Anda"]
[Black "Forbes, Cathy"]
[Result "1-0"]
[WhiteElo "2235"]
[BlackElo "2135"]
[PlyCount "53"]
[EventDate "1991.??.??"]
[EventType "swiss"]
[EventRounds "9"]
[EventCountry "DEN"]
[SourceTitle "EXT 2000"]
[Source "ChessBase"]
[SourceDate "1999.11.16"]

1. Nf3 Nf6 2. g3 d5 3. Bg2 Bf5 4. O-O Nbd7 5. d3 e5 6. Nh4 Bg4 7. h3 Be6 8. e4
dxe4 9. dxe4 Bc5 10. Qe2 c6 11. Nd2 O-O 12. a4 a5 13. Nc4 Qc7 14. Kh2 b5 15.
Ne3 b4 16. Nhf5 g6 17. g4 Nb6 18. Nh6+ Kh8 19. b3 Rfd8 20. Qf3 Nxe4 21. Qxe4
Rd4 22. Qxc6 Qxc6 23. Bxc6 Rc8 24. Bg2 Bd6 25. Bb2 Rd2 26. Rad1 Rxd1 27. Rxd1
1-0

[Event "Ingrid Larsen Memorial (Women)"]
[Site "Farum"]
[Date "1991.??.??"]
[Round "?"]
[White "Safranska, Anda"]
[Black "Heinatz, Gundula"]
[Result "1/2-1/2"]
[WhiteElo "2235"]
[BlackElo "2220"]
[PlyCount "112"]
[EventDate "1991.??.??"]
[EventType "swiss"]
[EventRounds "9"]
[EventCountry "DEN"]
[SourceTitle "EXT 2000"]
[Source "ChessBase"]
[SourceDate "1999.11.16"]

1. Nf3 Nf6 2. g3 b6 3. Bg2 Bb7 4. O-O c5 5. d3 d5 6. Nbd2 e6 7. e4 Be7 8. e5
Nfd7 9. Re1 Nc6 10. Nf1 g5 11. h3 h5 12. N1h2 Rg8 13. g4 h4 14. c3 Qc7 15. d4
cxd4 16. cxd4 Nb4 17. Be3 Nc2 18. Rc1 Rc8 19. Re2 Nxe3 20. Rxc7 Nxd1 21. Rxb7
Rc1 22. Bf1 a5 23. Kg2 Kd8 24. a3 Kc8 25. Ra7 Rd8 26. Rd2 Kb8 27. Rxd7 Rxd7 28.
Be2 Nxb2 29. Rxb2 Bxa3 30. Rxb6+ Rb7 31. Rxb7+ Kxb7 32. Nxg5 Bb2 33. Bb5 Bxd4
34. Nhf3 Bc5 35. Nxh4 Rc2 36. Nhf3 Bxf2 37. Kf1 Bg3 38. Be8 d4 39. Bxf7 Rf2+
40. Kg1 d3 41. Bxe6 a4 42. Bd5+ Kc8 43. e6 d2 44. Nxd2 Rxd2 45. e7 Kd7 46. Bc6+
Kxe7 47. Bxa4 Bf2+ 48. Kh1 Be3 49. Nf3 Rf2 50. Bc6 Kf6 51. h4 Rxf3 52. Bxf3 Bf2
53. h5 Kg5 54. Kg2 Bd4 55. Bd1 Kh6 56. Kg3 Bf6 1/2-1/2